The land god made in anger

Bibliographic Details
Main Author: Davis, John Gordon
Format: Book
Published: New York : St. Martin's Press , 1990

MARC

LEADER 00000cam a2200000 7i4500
001 0000000885
002 000000989
005 20000330.0
020 |a 0312051077 
090 0 0 |a F   |b DAV 
100 1 |a Davis, John Gordon 
245 1 4 |a The land god made in anger   |c John Gordon Davis 
260 |a New York :   |b St. Martin's Press ,   |c 1990 
300 |a 520p. ;   |c 21cm. 
999 |a 030049   |b BUKU   |c PINJAMAN   |e PERPUSTAKAAN KOMUNITI PETALING JAYA